Normal view
MARC view
- Computer networks --Security measures
Entry Geographic Name
001 - CONTROL NUMBER
- control field: 113087
003 - CONTROL NUMBER IDENTIFIER
- control field: NUST
005 - DATE AND TIME OF LATEST TRANSACTION
- control field: 20230608103216.0
008 - FIXED-LENGTH DATA ELEMENTS
- fixed length control field: 230608|| aca||aabn | a|a d
040 ## - CATALOGING SOURCE
- Original cataloging agency: NUST
- Transcribing agency: NUST
151 ## - HEADING--GEOGRAPHIC NAME
- Geographic name: Computer networks --Security measures
670 ## - SOURCE DATA FOUND
- Source citation: Work cat.: (NUST)180160: Saxena , Ashutosh 113086, Public Key Infrastructure :, 2004
